000 00845nam a2200217Ia 4500
003 IN-BaIIA
008 211028s9999 xx 000 0 eng d
040 _cIIA Library
080 _a524.316(082.2)
_bDUP
100 _aDupree, A. K
_915839
111 _aWorkshop on Cool Stars,Stellar Systems and the Sun
_cCambridge
_d1980 Jan. 31
_935777
245 0 _aCool stars,stellar systems and the sun
_bproceedings of a workshop held in the Harvard-Smithsonian Centre for Astrophysics, Cambridge, January 31, 1980
_cA. K. Dupree
260 _aCambridge
_bHarvard-Smithsonian Center for Astrophysics
_c1980
300 _a215p.
490 _aResearch in Space Science,SAO Special Report No.389
650 _aAstronomy and astrophysics thesaurus
650 _aCool stars
_95425
650 _aStellar systems
_93271
650 _aSun
_91200
942 _cBK
999 _c18695
_d18695